000 00281nam a2200097Ia 4500
001 663054
005 20250826160205.0
008 250824s9999 xx 000 0 und d
245 0 _aSERGÜZEŞT ANTİK OKUL KLASİKLERİ
_cSAMİ PAŞAZADE SEZAİ
260 _bANTİK DÜNYA KLASİKLERİ
999 _c663054
_d663054